Etik : en introduktion (Post nr. 53211)
[ visa ren ]
| 000 -LEADER | |
|---|---|
| fixed length control field | 00636nam a22002055a 4500 |
| 001 - CONTROL NUMBER | |
| control field | frq6dzj7cc2ml3kz |
| 003 - CONTROL NUMBER IDENTIFIER | |
| control field | LIBRIS |
| 005 - DATE AND TIME OF LATEST TRANSACTION | |
| control field | 20200916125615.0 |
| 007 - PHYSICAL DESCRIPTION FIXED FIELD--GENERAL INFORMATION | |
| fixed length control field | cr ||| ||||| |
| 008 - FIXED-LENGTH DATA ELEMENTS--GENERAL INFORMATION | |
| fixed length control field | 200303uuuuuuuuuxx |||||o|||||000 0|und|d |
| 020 ## - INTERNATIONAL STANDARD BOOK NUMBER | |
| Canceled/invalid ISBN | 9789138324387 (Print) |
| 035 ## - SYSTEM CONTROL NUMBER | |
| System control number | (ALMA)990010819220404996 |
| 040 ## - CATALOGING SOURCE | |
| Original cataloging agency | SEK |
| Description conventions | a |
| 041 ## - LANGUAGE CODE | |
| Language code of text/sound track or separate title | und |
| 245 10 - TITLE STATEMENT | |
| Title | Etik : en introduktion |
| Medium | [Elektronisk resurs] |
| 264 #1 - PRODUCTION, PUBLICATION, DISTRIBUTION, MANUFACTURE, AND COPYRIGHT NOTICE | |
| Date of production, publication, distribution, manufacture, or copyright notice | uuuu-uuuu |
| 776 08 - ADDITIONAL PHYSICAL FORM ENTRY | |
| Relationship information | |
| Title | Etik : en introduktion |
| International Standard Book Number | 9789138324387 |
| 887 ## - NON-MARC INFORMATION FIELD | |
| Content of non-MARC field | {"@id":"frq6dzj7cc2ml3kz","modified":"2020-03-03T21:36:41.299+01:00","checksum":"36275813892"} |
| Source of data | librisxl |
| 942 ## - ADDED ENTRY ELEMENTS (KOHA) | |
| Source of classification or shelving scheme | Other/Generic Classification Scheme |
| Koha item type | Bok |
| Withdrawn status | Lost status | Source of classification or shelving scheme | Damaged status | Not for loan | Home library | Current library | Date acquired | Total Checkouts | Full call number | Barcode | Date last seen | Price effective from | Koha item type |
|---|---|---|---|---|---|---|---|---|---|---|---|---|---|
| Other/Generic Classification Scheme | Karlskoga Lasarettsbibliotek | Karlskoga Lasarettsbibliotek | 16/09/2020 | D | 26157003750 | 16/09/2020 | 16/09/2020 | Bok |